| 000 | 00836nam a2200265 a 4500 | ||
|---|---|---|---|
| 999 |
_c22539 _d22539 |
||
| 001 | 1495231 | ||
| 003 | OSt | ||
| 005 | 20170124115056.0 | ||
| 008 | 900103s1990 ohua 001 0 eng | ||
| 010 | _a 88061224 | ||
| 020 | _a0538435901 | ||
| 040 |
_aDLC _cDLC _dDLC |
||
| 050 | 0 | 0 |
_aHF5351 _b.E89 1990 |
| 082 | 0 | 0 |
_a658 _220 |
| 100 | 1 | _aEverard, Kenneth E. | |
| 245 | 1 | 0 |
_aBusiness principles & management / _cKenneth E. Everard, Jim Burrow. |
| 250 | _a11th ed. | ||
| 260 |
_aCincinnati, OH : _bSouth Western Pub. Co., _cc2004. |
||
| 300 |
_ax, 514 p. : _bill. (some col.) ; _c27cm. |
||
| 650 | 0 | _aBusiness. | |
| 650 | 0 | _aManagement. | |
| 700 | 1 | _aBurrow, Jim. | |
| 740 | 0 | _aBusiness principles and management. | |
| 906 |
_a7 _bcbc _corignew _d3 _eopcn _f19 _gy-gencatlg |
||
| 942 |
_2lcc _cBOOKS _hHF 5351 .E94 2004 |
||